Southville International School and Colleges
Your cart is empty.
  • Cart
  • Lists
    Public lists Eva Luna New books Lux_list list_1
    Your lists Log in to create your own lists
  • Log in to your account
  • Your cookies
  • Search history
Southville International School and Colleges
  • Advanced search
  • Recent comments
  • Most popular
  • Libraries

Log in to your account

Log in with GOOGLE


If you do not have an external account, but do have a local account, you can still log in:

  1. Home
  2. MARC view: Markets /
Normal view MARC view ISBD view

Markets / (Record no. 25165)

[ view plain ]
MARC details
000 -LEADER
fixed length control field 00714nam a2200229 a 4500
005 - DATE AND TIME OF LATEST TRANSACTION
control field 20140310183605.0
008 - FIXED-LENGTH DATA ELEMENTS--GENERAL INFORMATION
fixed length control field 120717s19uu xx 00 eng d
020 ## - INTERNATIONAL STANDARD BOOK NUMBER
International Standard Book Number 9780745645780
050 ## - LIBRARY OF CONGRESS CALL NUMBER
Classification number HG 3879
Item number .As839 2011
100 ## - MAIN ENTRY--PERSONAL NAME
Personal name Aspers, Patrik
245 ## - TITLE STATEMENT
Title Markets /
Statement of responsibility, etc Patrik Aspers.
260 ## - PUBLICATION, DISTRIBUTION, ETC. (IMPRINT)
Place of publication, distribution, etc Cambridge ; Malden, MA :
Name of publisher, distributor, etc Polity,
Date of publication, distribution, etc 2011.
300 ## - PHYSICAL DESCRIPTION
Extent 202 p. :
Dimensions 22 cm.
440 ## - SERIES STATEMENT/ADDED ENTRY--TITLE
Title Economy and society series (Cambridge, England)
500 ## - GENERAL NOTE
General note Includes bibliographical references (p. [180]-198) and index.
521 ## - TARGET AUDIENCE NOTE
Target audience note
650 ## - SUBJECT ADDED ENTRY--TOPICAL TERM
Topical term or geographic name as entry element Markets
General subdivision Social aspects
650 ## - SUBJECT ADDED ENTRY--TOPICAL TERM
Topical term or geographic name as entry element Capitalism
General subdivision Social aspects
650 ## - SUBJECT ADDED ENTRY--TOPICAL TERM
Topical term or geographic name as entry element Economics
General subdivision Sociological aspects
942 ## - ADDED ENTRY ELEMENTS (KOHA)
Koha item type Books
Source of classification or shelving scheme Library of Congress Classification
Call number prefix Foreign
Holdings
Withdrawn status Lost status Source of classification or shelving scheme Damaged status Home library Current library Shelving location Date acquired Source of acquisition Cost, normal purchase price Total Checkouts Full call number Barcode Date last seen Copy number Price effective from Koha item type
    Library of Congress Classification   College Library College Library General Circulation Section 07/17/2012 Donation 1951.00   HG 3879 .As839 2011 C14768 05/15/2018 1 10/18/2013 Books

Markets /

APA

Aspers P., . (2011). Markets. Cambridge ; Malden, MA: Polity.

Chicago

Aspers Patrik, . 2011. Markets. Cambridge ; Malden, MA: Polity.

Harvard

Aspers P., . (2011). Markets. Cambridge ; Malden, MA: Polity.

MLA

Aspers Patrik, . Markets. Cambridge ; Malden, MA: Polity. 2011.

  • Place hold
  • Print
  • Cite
  • Add to your cart (remove)
  • Save record
    BIBTEX Dublin Core MARCXML MARC (non-Unicode/MARC-8) MARC (Unicode/UTF-8) MARC (Unicode/UTF-8, Standard) MODS (XML) RIS
  • More searches
    Search for this title in:
    Other Libraries (WorldCat) Other Databases (Google Scholar) Online Stores (Bookfinder.com) Open Library (openlibrary.org)

Exporting to Dublin Core...

SOUTHVILLE LIBRARY

Southville International School and Colleges Library

1281 Tropical Ave. Cor. Luxembourg St., BF Homes International, Las Pinas City

Tel. No. 8256374 / 252358 Loc. 117/146

Powered by Koha